000 00760nam a2200229 a 4500
001 BRCA_8366
005 20190320210242.0
008 290714s1928----mx-aedbf##---#000-0#spa-#
041 _aspa
044 _amx
050 4 _aF1219
_b.M37 1928
100 1 _aMarquina, Ignacio
_920961
245 1 0 _aEstudio arquitectónico comparativo de los monumentos arqueológicos de México
_cpor Ignacio Marquina.
260 _aMéxico
_bSEP
_c1928
300 _a86 p.
_bil., planos, gráficas, mapas
_c31 cm.
500 _aContribución de México al XXIII Congreso de Americanistas
500 _aR102
650 1 4 _aMonumentos arqueológicos
_vEstudio
_zMéxico
_920962
650 1 4 _aArquitectura prehispánica
_vEstudio
_zMéxico
_920963
902 _aGFM
942 _2lcc
_cB
999 _c8034
_d8034